| Tag |
First Indicator |
Second Indicator |
Subfields |
| LEADER |
00000cam a2200000 a 4500 |
| 001 |
in00002844607 |
| 005 |
20220106085139.0 |
| 006 |
m o d f |
| 007 |
cr bn||||||||| |
| 008 |
121227s2012 dcu oz f000 0 eng c |
| 035 |
|
|
|a (OCoLC)ocn822978289
|
| 040 |
|
|
|a GPO
|c GPO
|d MvI
|d UtOrBLW
|
| 041 |
0 |
|
|a eng
|a spa
|
| 042 |
|
|
|a pcc
|
| 043 |
|
|
|a n-us---
|a s-uy---
|
| 049 |
|
|
|a WWW
|
| 074 |
|
|
|a 0899-A-01 (online)
|
| 086 |
0 |
|
|a S 9.10:10-1021
|
| 110 |
1 |
|
|a Uruguay.
|
| 240 |
1 |
0 |
|a Treaties, etc.
|g Uruguay,
|d 2008 April 29
|
| 245 |
1 |
0 |
|a Scientific cooperation :
|b agreement between the United States of America and Uruguay, signed at Washington, April 29, 2008, with annexes.
|
| 246 |
3 |
0 |
|a Agreement between the United States of America and Uruguay, signed at Washington, April 29, 2008, with annexes
|
| 264 |
|
1 |
|a [Washington, D.C.] :
|b U.S. Dept. of State,
|c [2012?]
|
| 300 |
|
|
|a 1 online resource (29 unnumbered pages).
|
| 336 |
|
|
|a text
|b txt
|2 rdacontent
|
| 337 |
|
|
|a computer
|b c
|2 rdamedia
|
| 338 |
|
|
|a online resource
|b cr
|2 rdacarrier
|
| 490 |
1 |
|
|a Treaties and other international acts series ;
|v 10-1021
|
| 500 |
|
|
|a Title from title screen (viewed on Dec. 27, 2012).
|
| 546 |
|
|
|a Text in English and Spanish.
|
| 500 |
|
|
|a Electronic resource.
|
| 650 |
|
0 |
|a Research
|x Law and legislation
|z United States.
|
| 650 |
|
0 |
|a Research
|x Law and legislation
|z Uruguay.
|
| 650 |
|
0 |
|a Communication of technical information
|z United States.
|
| 650 |
|
0 |
|a Communication of technical information
|z Uruguay.
|
| 710 |
1 |
|
|a United States.
|b Department of State.
|
| 830 |
|
0 |
|a Treaties and other international acts series ;
|v 10-1021.
|
| 856 |
4 |
0 |
|u https://purl.fdlp.gov/GPO/gpo32460
|t 0
|
| 999 |
|
|
|a MARS
|
| 999 |
f |
f |
|s 555643c2-14e5-3323-9473-8b4648eb4790
|i 4b68a5c1-df2b-388e-8e95-ea10bf28654f
|t 0
|
| 952 |
f |
f |
|a Texas A&M University
|b College Station
|c Electronic Resources
|d Available Online
|t 0
|e S 9.10:10-1021
|h Superintendent of Documents classification
|
| 998 |
f |
f |
|a S 9.10:10-1021
|t 0
|l Available Online
|